| 000 | 01044nas a2200361 4500 | ||
|---|---|---|---|
| 001 | BR2012005612 | ||
| 003 | BR-BrBNA | ||
| 005 | 20231205120912.0 | ||
| 007 | ta | ||
| 008 | 230509b bl.|||p| |||| 00| 00por d | ||
| 040 |
_aBR-BrBNA _bpor _cBiblioteca Nacional de Agricultura |
||
| 041 | _a(Pt) | ||
| 072 | _aH10 | ||
| 100 | 1 | _aArieira, C.R.D. | |
| 100 | 1 | _aMattos, R.M. | |
| 100 | 1 | _aSassaki, T.C. | |
| 100 | 1 | _aPuerari, H.H. | |
| 100 | 1 | _aCunha, T.P.L. | |
| 100 | 1 | _aBiela, F. | |
| 100 | 1 | _aChiamolera, F.M. | |
| 245 | 1 | _aManejo de Meloidogyne incognita utilizando efluentes de biodigestor à base de repolho, mostarda, alho e pimenta | |
| 650 | _aMELOIDOGYNE INCOGNITA | ||
| 650 | _aNEMATÓIDE | ||
| 650 | _aBIODIGESTOR | ||
| 650 | _aNEMATICIDA | ||
| 650 | _aREPOLHO | ||
| 650 | _aMOSTARDA | ||
| 650 | _aALHO | ||
| 650 | _aPIMENTA | ||
| 773 | 0 |
_tNematologia Brasileira (Brazil) _xISSN 0102-2997 _gSep (2010), v. 34(3) p. 143-149 _wBR2012005612 |
|
| 909 |
_a202311 _bLúcia _c55 _dLúcia Elande |
||
| 942 |
_2AGRIS _n0 _cANA |
||
| 999 |
_c220887 _d220887 |
||